000 00882nam a22003137a 4500
001 BR0100971
003 BR-BrBNA
005 20230928100806.0
007 ta
008 230509b bl.||||| |||| 00| 0 por d
040 _aBR-BrBNA
_bpor
_cBiblioteca Nacional de Agricultura
041 _a(Por)
072 _aP01
090 _ P01 BR0100971
100 1 _aAugusto, M.M.
100 1 _aMesquita, I.M.(coord.)
245 1 _aRelatorio anual da coordenacao do plano de prevencao e combate aos incendios florestais do DF
260 3 _aBrasilia, DF (Brasil):
_c2000.
300 _a189 p.
500 _a46 ref.; 38 tables; 64 illus.
650 _aFloresta
650 _aProtecao Florestal
650 _aPolitica Florestal
650 _aPreservacao da Natureza
650 _aQueimada
650 _aDistrito Federal
909 _a202309
_bLucia
_c55
_dLucia Elande
942 _cBK
999 _c62820
_d62820